000 00705nam a2200229 a 4500
001 BRCA_420
005 20190320203013.0
008 840626s1983 hu-a---##b---#000-0#eng-#
020 _a9631317625
040 _aDLC
_cDLC
_dDLC
050 4 _aNK7371.H8
_b.B35 1983
100 1 _aBalogh-Horváth, Terézia
_91429
245 1 0 _aHungarian Folk Jewelry
_cTerézia Balogh-Horváth ; translated by Zsuzsa Béres.
260 _aBudapest
_bCorvina Kiadó
_c1983
300 _a66 p.
_bil. (algunas a color)
_c19 cm.
500 _aTraducción de: Népi ékszerek
504 _aBibliografía: p. 57-[60]
650 1 4 _aJoyas
_zHungría
_91430
653 0 _aJoyería
700 1 _aBéres, Zsuzsa
_91431
942 _2lcc
_cB
999 _c355
_d355